Rastlina Paulovnia Wallachia ako perspektívny zdroj energie?

Guardado en:
Detalles Bibliográficos
Autor principal: Rutzká, Helena (Autor)
Otros Autores: Bodík, Igor (Orientador)
Formato: Manuscrito Libro
Lenguaje:eslovaco
Publicado: 2019
Materias:
Acceso en línea:http://is.stuba.sk/zp/portal_zp.pl?podrobnosti=143095
Etiquetas: Agregar Etiqueta
Sin Etiquetas, Sea el primero en etiquetar este registro!

MARC

LEADER 00000ntm a22000003a 4500
001 stuzp74297
003 SK-STU
005 20190601211149.3
007 ta
008 150427s2015----xo-----f-mn---000-0-slo-d
040 |a STU  |b slo 
041 0 |a slo 
100 1 |a Rutzká, Helena  |u 046290  |k Z4  |4 aut  |U FCHPT Ústav chemického a environmentálneho inžinierstva  |T FCHPT Oddelenie environmentálneho inžinierstva  |X 77629  |U C6290  |Y 120  |7 77629 
242 0 1 |a Plant Paulovnia Wallachia as pespective source of energy?  |y eng 
245 1 0 |a Rastlina Paulovnia Wallachia ako perspektívny zdroj energie? 
260 |c 2019 
650 4 |a Paulownia Wallachia  |2 slo 
650 4 |a mezofilná anaeróbna fermentácia  |2 slo 
650 4 |a bioplyn  |2 slo 
650 4 |a biogas  |2 eng 
650 4 |a Paulownia Wallachia  |2 eng 
650 4 |a mesophilic anaerobic digestion  |2 eng 
700 1 |a Bodík, Igor  |u 046290  |k Z1  |4 ths  |U FCHPT Ústav chemického a environmentálneho inžinierstva  |T FCHPT Oddelenie environmentálneho inžinierstva  |X 3340  |U C6290  |Y 120  |7 A000003340 
856 4 |u http://is.stuba.sk/zp/portal_zp.pl?podrobnosti=143095